000 00662nam a2200193 a 4500
001 000909262
003 AM-YeHGA
005 20250617145543.0
008 120810s1973 ru r 000 0 rus d
040 _aAM-YeHGA
041 1 _arus
_htar
100 1 _aИбрагимов, Галимджан
245 1 0 _aГлубокие корни :
_bРоман /
_cГалимджан Ибрагимов; Пер. с татар. Р. Фаизовой.
260 _aКазань :
_bТатарское кн. изд-во,
_c1973.
300 _a223 с.
653 0 _aТатарская литература
700 1 _aФаизова, Р.
_eпер.
_4trl
090 _c315947
999 _c314226
_d314226